000 00559nam a2200169Ia 4500
008 140626s9999 xx 000 0 und d
100 _aChen, Miao-Yen.
245 _aNonimaging clinical assessment of impaired swallowing in community-dwelling older adults in Taiwan /
_cMiao-Yen Chen ... [et al.].
260 _cc2013.
300 _a21 : 4, page 272
440 _aThe Journal of Nursing Research (JNR)
521 _aNUR
650 _aCommunity-dwelling older adults.
650 _aImpaired swallowing.
650 _aSwallow assessment.
942 _cSE
999 _c121411
_d121411